01755 a2200217 45000010006000000050017000060080041000230030015000640400040000790800067001192450046001860200022002322500011002542640034002653000019002995051026003181000024013447000026013687000018013948560125014122220520260407155511.0260407a1994 arg spa dAR-UNSa-BCEJYS aAR-UNSa-BCEJYSbspacAR-UNSa-BCEJYS a658.16xReorganización financiera (Proyectos de inversión)10aPreparación y evaluación de proyectos a978-968-422-045-4 a2a. ed 1aMéxico :bMcGraw-Hillc1994 a404 p.c23 cm. a1. El estudio de los proyectos de inversión - 2. Planes de desarrollo , programas y proyectos - 3. El proceso de preparación y evaluación de proyectos - Parte II:Mercado: 4. Estructura económica del mercado - 5. El estudio de mercado - 6. Técnicas de proyección del mercado - Parte III: El estudio técnico: 7.Ingeniería del proyecto - 8. Valorización económica de las variables técnicas - 9. Decisiones de tamaño - 10. Decisiones de tamaño - Parte IV: La organización: 11. Incidencia de los costos en aspectos organizacionales - 12. Incidencia en los costos de los sistemas y procedimientos administrativos - 13. Estudios legales - Parte V: El estudio financiero: 14. Las inversiones del proyecto - 15. Flujo de caja proyectado - 16. Financiamiento y taza de descuento - Parte VI: La evaluación : 17. Técnicas de evaluación - 18. Análisis de riesgo - 19. Análisis de sensibilidad - Parte VII: Estudios Complementarios: 20. Flujos relevantes - 21. Evaluación de proyecto en marcha. 1 aSapag Chain, Nassir1 aSapag Chain, Reinaldo1 aDaza, Libardo41uhttps://biblioeco.unsa.edu.ar/pmb/images/libros/Preparacion y Evaluacion de Proyectos.jpgyImagen de portadaqimage/jpeg